000 00457nam a22001697a 4500
005 20251108172636.0
008 250721s2002 xx 000 0 ara d
082 1 4 _a956,5/أبو
100 1 _aأبوحجلة، أمين عبدالهادي
245 1 0 _aمجالس الوزارات الأردنية /
264 1 _aعمان :
_c2002.
300 _aج1
650 1 7 _aتاريخ آسيا
650 1 7 _aالأردن
942 _2ddc
_cBK
999 _c84792
_d84792